01420nam a2200313 a 450000100100000000500170001000800410002702000150006804000250008308200200010824501910012826000620031930000280038153400810040965000480049065000300053874000470056870000310061570000270064670000280067370000280070170000440072970000460077391000070081904900090082695201240083595201300095999900170108900002304620200930021943.0101125s1996 mx a 001 0 spa d a9688807060 aDO-SdBNPbspacBNPHU a621.3815bA532d00aAnálisis y diseño de circuitos lógicos digitales /cVíctor P. Nelson,... [et al.] ; traducción de Oscar Alfredo Palmas Velasco ; revisión técnica Carlos Henández Pérez. aMéxico, D. F. :bPrentice-Hall Hispanoamericana,c1996. a842 p. :bil. ;c25 cm. aTraducido de la obra en inglés:tDigital logic circuit analysis and design 4aAnálisis de circuitos eléctricos947420 4aCircuitos lógicos954850 aDigital logic circuit analysis and design.1 aNelson, Víctor P.9474211 aNagle, H. Troy.9474221 aCarroll, Bill D.9474231 aIrwin, J. David.9474241 aPalmas Velasco, Oscar Alfredo,etr.9981 aHernández Pérez, Carlos,erev.947425 aWM aBNGR 001054708MOaGRbGRcHDd2010-11-25iLF1l0o621.3815 A532dp23046-10r2020-06-25w2020-06-25y4ZPréstamo en sala 001054728MOaGRbGRcHDd2010-11-25iLF1l0o621.3815 A532dp23046-20r2020-06-25te. 2w2020-06-25y4ZPréstamo en sala c22543d22543